000
00285nam a2200097Ia 4500
005
20251222114343.0
008
251222s1900||||xx |||||||||||||| ||spa||
082
_a
DVD0060/C523/2002
245
0
_a
Charlie Chaplin: Il Conte, Il Vagabondo, Charlot Pompiere, Charlot Macchisnista.:
942
_c
DVD
999
_c
932
_d
932